000 00355nam a2200145Ia 4500
008 231129s1984||||xx |||||||||||||| ||spa||
020 _a84-7530-455-9
040 _bspa
082 _a193 A241t
100 _aAdorno Theodor W
245 0 _aTeoria estetica
260 _c1984
264 _aOrbis
942 _2ddc
_cBKS
999 _c25229
_d25229